| 000 | 00532nam a22001817a 4500 | ||
|---|---|---|---|
| 003 | OSt | ||
| 005 | 20180116182952.0 | ||
| 008 | 131212b xxu||||| |||| 00| 0 eng d | ||
| 020 | _a9788175545465 | ||
| 040 |
_a0 _c0 |
||
| 082 | _a658.3 EDE 2010 | ||
| 100 | _aRobert Edenborough | ||
| 245 |
_aAssessment Methods In Recruitment, Selection & Performance _cRobert Edenborough |
||
| 260 |
_aIndia _bKogan Page _c2010 |
||
| 300 |
_a305p. _bPB |
||
| 440 | _aAssessment Methods In Recruitment, Selection & Performance | ||
| 942 |
_2ddc _cBK |
||
| 999 |
_c349569 _d349569 |
||